El regreso de O. R.

Αποθηκεύτηκε σε:
Λεπτομέρειες βιβλιογραφικής εγγραφής
Κύριος συγγραφέας: Bustos Arratia, Myriam
Μορφή: Βιβλίο
Γλώσσα:Undetermined
Έκδοση: San José, Costa Rica EUNED 1993
Θέματα:
Ετικέτες: Προσθήκη ετικέτας
Δεν υπάρχουν, Καταχωρήστε ετικέτα πρώτοι!

MARC

LEADER 00000nam a2200000Ia 4500
008 170316s9999 xx 000 0 und d
040 |a cru BVZT 
090 |a 868 B-10reg 
100 |a Bustos Arratia, Myriam  |9 424 
245 |a El regreso de O. R.  |c / Myriam Bustos Arratia 
260 |a San José, Costa Rica  |b EUNED  |c 1993 
300 |a 127 páginas 
650 |a COLECCIÓN VIEJA Y NUEVA NARRATIVA COSTARRICENSE  |9 428 
650 |a LITERATURA COSTARRICENSE  |9 17 
999 |c 10739  |d 10739 
942 |c 15 D  |h 868 B-10reg  |2 z